000 00398nam a2200169Ia 4500
001 9876
003 IN-NITTTR
005 20251114233052.0
008 251113s9999||||xx |||||||||||||| ||eng||
040 _beng
040 _cIN-NITTTR
041 _aeng
082 _a371.264D817H
100 _aDressel, Paul L.
245 0 _aHandbook of academic evaluation. /
_cDressel, Paul L.
942 _2ddc
_cBK
999 _c12513
_d12513